Disciples of Jesus sermon outlines. (Record no. 5079)

000 -LEADER
fixed length control field 00610nam a2200193 a 4500
001 - CONTROL NUMBER
control field :::00002820$&:&@@
003 - CONTROL NUMBER IDENTIFIER
control field OkBaRHE
005 - DATE AND TIME OF LATEST TRANSACTION
control field 20000607103257.0
008 - FIXED-LENGTH DATA ELEMENTS--GENERAL INFORMATION
fixed length control field s1979 j 000 0 eng u
040 ## - CATALOGING SOURCE
Transcribing agency
100 1# - MAIN ENTRY--PERSONAL NAME
Personal name Hayden, Eric W.
245 10 - TITLE STATEMENT
Title Disciples of Jesus sermon outlines.
260 ## - PUBLICATION, DISTRIBUTION, ETC. (IMPRINT)
Place of publication, distribution, etc Grand Rapids, MI., :
Name of publisher, distributor, etc Baker Book House
Date of publication, distribution, etc c1979
300 ## - PHYSICAL DESCRIPTION
Extent 65 p. ;
Dimensions 22 cm.
650 ## - SUBJECT ADDED ENTRY--TOPICAL TERM
Topical term or geographic name as entry element Bible New Testament
General subdivision Biography
-- Sermons
-- Outlines
650 ## - SUBJECT ADDED ENTRY--TOPICAL TERM
Topical term or geographic name as entry element Sermons
General subdivision Outlines
942 ## - ADDED ENTRY ELEMENTS (KOHA)
Source of classification or shelving scheme
Koha item type Books
Copies
Shelving location Lost status Date acquired Not for loan Copy number Source of classification or shelving scheme Full call number Date last seen Withdrawn status Koha item type Damaged status Price effective from Permanent Location Barcode
General Stacks 2010-04-14 1 BS 2430 .H2732018-03-16 Books 2010-04-14RHEMA Bible Training College2820